000 00826nam a22002777a 4500
003 CHAP
005 20220329140958.0
008 971013s1986 r 00010 d
010 _a60823
011 _a61795
035 _a65963
040 _cCHAP
082 _a583.79
_bD3
100 0 0 _aD'Arcy, William G
_eed.
_930842
245 _aSolanaceae biology and systematics
260 _aNew York :
_bColumbia University Press,
_c1986
300 _a603 p.
_b: ilus.
590 _aBATCH-UPD
_b10
_c20130110
_lUCH01
_h0414
590 _aBATCH-UPD
_b10
_c20130410
_lUCH01
_h0048
590 _aBATCH-UPD
_b10
_c20130914
_lUCH01
_h1134
590 _aCONVERSION
_b10
_c20130109
_lUCH01
_h1333
650 1 4 _aSolanĂ¡ceas.
_9108358
901 _aBK
942 _cLIBRO
949 _a583.79 D3
_bBC
_cLIBRO
_d33724000360905
_eLIBRO
_h69457
_i65963
_si
999 _c60823
_d60823